[Event "Chigorin Memorial 25th"]
[Site "St Petersburg"]
[Date "2017.10.27"]
[Round "7"]
[White "Eynullayev, Atilla Elshan"]
[Black "Borisovsky, Dmitry"]
[Result "0-1"]
[WhiteElo "1919"]
[BlackElo "2304"]
[PlyCount "52"]
[EventDate "2017.10.21"]
[EventType "swiss"]
[EventRounds "9"]
[EventCountry "RUS"]
[SourceTitle "CBM 181 Extra"]
[Source "ChessBase"]
[SourceDate "2017.12.12"]
[SourceVersion "1"]
[SourceVersionDate "2017.12.12"]
[SourceQuality "1"]

1. d4 Nf6 2. c4 e6 3. g3 c5 4. d5 exd5 5. cxd5 d6 6. Nc3 g6 7. Bg2 Bg7 8. Nf3 0-0 9. 0-0 Re8 10. Bf4 a6 11. a4 Nh5 12. Bg5 Qc7 13. Rc1 Nd7 14. Qd2 Rb8 15. b4 Qb6 16. bxc5 Nxc5 17. Rb1 Qc7 18. Nd4 Bd7 19. Nb3 Bf5 20. Rb2 Nd3 21. Rc2 Nxf2 22. Rcc1 Nh3+ 23. Bxh3 Bxh3 24. Rf2 Qb6 25. Rb1 Rbc8 26. Nd1 Bf5 0-1

[Event "Chigorin Memorial 25th"]
[Site "St Petersburg"]
[Date "2017.10.21"]
[Round "1"]
[White "Strybuk, Artsiom I"]
[Black "Borisovsky, Dmitry"]
[Result "1/2-1/2"]
[WhiteElo "1834"]
[BlackElo "2304"]
[PlyCount "107"]
[EventDate "2017.10.21"]
[EventType "swiss"]
[EventRounds "9"]
[EventCountry "RUS"]
[SourceTitle "CBM 181 Extra"]
[Source "ChessBase"]
[SourceDate "2017.12.12"]
[SourceVersion "1"]
[SourceVersionDate "2017.12.12"]
[SourceQuality "1"]

1. e4 c5 2. Nf3 Nc6 3. d4 cxd4 4. Nxd4 Nf6 5. Nc3 d6 6. Be2 g6 7. 0-0 Bg7 8. Nb3 0-0 9. Re1 Be6 10. Bg5 Rc8 11. Bf1 Ne5 12. Nd5 Bxd5 13. exd5 Qd7 14. c3 Qf5 15. Bh4 Nc4 16. Bxc4 Rxc4 17. Bxf6 Bxf6 18. a4 Rfc8 19. a5 a6 20. Re3 h5 21. Qd3 Qd7 22. Nd2 Ra4 23. Ree1 Rc5 24. Nb3 Rcc4 25. Nd2 Rxa1 26. Rxa1 Ra4 27. Qf1 Rxa1 28. Qxa1 Qb5 29. h3 Qxd5 30. Nf1 Qb3 31. Nd2 Qd5 32. Nf1 e6 33. Qa4 Kg7 34. Ne3 Qd2 35. Qb4 Bg5 36. Qxb7 Bxe3 37. fxe3 Qxe3+ 38. Kf1 Qf4+ 39. Kg1 Qc1+ 40. Kh2 Qf4+ 41. Kg1 Qe3+ 42. Kf1 Qd3+ 43. Kg1 e5 44. Qb6 Kf6 45. b4 Ke6 46. b5 e4 47. bxa6 e3 48. a7 e2 49. Qf2 Qd1+ 50. Kh2 e1Q 51. Qxe1+ Qxe1 52. a8Q Qe5+ 53. Kh1 Qe1+ 54. Kh2 1/2-1/2

[Event "St Petersburg Summer op"]
[Site "St Petersburg"]
[Date "2017.08.16"]
[Round "1"]
[White "Borisovsky, Dmitry"]
[Black "Razumovskiy, Mikhail"]
[Result "1/2-1/2"]
[WhiteElo "2285"]
[BlackElo "1849"]
[PlyCount "80"]
[EventDate "2017.08.16"]
[EventType "swiss"]
[EventRounds "9"]
[EventCountry "RUS"]
[SourceTitle "CBM 180 Extra"]
[Source "ChessBase"]
[SourceDate "2017.10.06"]
[SourceVersion "1"]
[SourceVersionDate "2017.10.06"]
[SourceQuality "1"]

1. e4 c5 2. Nf3 e6 3. d4 cxd4 4. Nxd4 Nf6 5. Nc3 Nc6 6. Ndb5 d6 7. Bf4 e5 8. Bg5 a6 9. Na3 b5 10. Nd5 Be7 11. Bxf6 Bxf6 12. c3 Bg5 13. Nc2 0-0 14. a4 bxa4 15. Rxa4 a5 16. Bc4 Rb8 17. b3 Kh8 18. Nce3 f5 19. exf5 Bxe3 20. Nxe3 Ne7 21. 0-0 Bd7 22. Ra2 Bxf5 23. Rd2 Rf6 24. Nxf5 Nxf5 25. Qe2 Nh4 26. Bd5 Ng6 27. g3 Ne7 28. Bc4 Qc7 29. Re1 Rbf8 30. Qe4 Qc5 31. Re3 g6 32. Kg2 Nf5 33. Ree2 Ne7 34. h4 Rf3 35. Rc2 Qb6 36. Be6 R3f6 37. Bc4 Rf3 38. Be6 R3f6 39. Bc4 Rf3 40. Red2 Kg7 1/2-1/2